000 00292nam a2200121Ia 4500
008 190216s9999||||xx |||||||||||||| ||und||
100 _aKahare N S And Srivastava
245 0 _aMagnetism And Electricity
260 _bAtmaram &sons
_c1989
300 _a835p
650 _aPhysics
942 _cBK
999 _c32865
_d32865